| 000 | 00446nam a2200145 a 4500 | ||
|---|---|---|---|
| 001 | 000017264 | ||
| 005 | 20200929165049.0 | ||
| 008 | 100322s1920 dr 000 0 spa d | ||
| 040 |
_aDO-SdBNP _bspa _cBNPHU |
||
| 082 |
_axxx _bR311r |
||
| 245 | 0 | 0 | _aRecopilación de resoluciones, ordenanzas, y reglamentos municipales. |
| 260 |
_aSanto Domingo : _bAyuntamiento de la Comun de Santo Domingo, _c1920. |
||
| 300 |
_a143 p. ; _c26 cm. |
||
| 049 | _aBNPD | ||
| 999 |
_c16789 _d16789 |
||